Statistics for Spain National Soccer Team 2010 XI

Click here to take the quiz!

General Stats

  • This quiz has been taken 79 times
  • The average score is 9 of 11

Answer Stats

PositionAnswer% Correct
GKIker Casillas
100%
CBCarles Puyol
99%
RWAndres Iniesta
97%
CFDavid Villa
97%
CBGerard Pique
96%
RBSergio Ramos
95%
DMSergio Busquets
86%
DMXabi Alonso
74%
LWPedro
68%
LBJoan Capdevilla
61%
CMXavi Hernandez
61%

Score Distribution

Percentile by Number Answered

Percent of People with Each Score

Your Score History

You have not taken this quiz